Insurance Chronicle (Record no. 97731)

MARC details
000 -LEADER
fixed length control field 00258nam a2200097Ia 4500
008 - FIXED-LENGTH DATA ELEMENTS--GENERAL INFORMATION
fixed length control field 230206s9999 xx 000 0 und d
041 ## - LANGUAGE CODE
Language code of text/sound track or separate title eng
100 ## - MAIN ENTRY--PERSONAL NAME
Personal name Murthy E N, Ed.
9 (RLIN) 119279
245 ## - TITLE STATEMENT
Title Insurance Chronicle
260 ## - PUBLICATION, DISTRIBUTION, ETC. (IMPRINT)
Date of publication, distribution, etc. 2010
Name of publisher, distributor, etc. The ICFAI University
Place of publication, distribution, etc. Hyderabad
Holdings
Withdrawn status Lost status Damaged status Not for loan Home library Current library Date acquired Vendor Serial Enumeration / chronology Total Checkouts Full call number Barcode Date last seen Bill Date Koha item type Original Barcode
        Smt. Hiraben Nanavati Institute of Management & Research for Women Smt. Hiraben Nanavati Institute of Management & Research for Women 30/11/2016 Satya Gilani Jan. 2010 to March 2010 (Vol. 10 No.1 to Vol. 10 No. 3)   658.155/MUR BV0394 HIMR-BV-394 06/02/2023 06/02/2023 Bound Volume BV0394